GTA 5 Orte - Statistiken

Allgemein
  • Dieses Quiz wurde 167 mal gespielt
  • Das Durchschnittsergebnis liegt bei 6 aus 37
Antwortstatistiken
Tipp Ortsteil % Korrekt
Hollywood-Pendant Vinewood
57%
Trevor wohnt hier Sandy Shores
55%
Nördlichste Stadt Paleto Bay
38%
Hollywood-Hills Vinewood Hills
37%
Höchster Berg Mount Chiliad
34%
Strand Vespucci
33%
Innenstadt Downtown
28%
Klein-[Hauptstadt von Südkorea] Little Seoul
27%
Militärbasis Lago Zancudo
24%
Flughafen Los Santos International Airport
23%
Trevor hat hier seinen Hangar Grapeseed
22%
Stadtteil Rockford Hills
21%
An diesem See liegt Trevors Wohnort Alamosea
20%
Liegt an der westlichen Autobahn, Sniper/Folter-Mission Chumash
16%
Strand / Pier Del Perro
16%
Flughafen in der Wüste Grand Senora Desert
13%
Golfplatz Richman
11%
Stadion La Puerta
9%
Berg im Nord-Osten der Map Mount Gordo
9%
Stadtteil East Los Santos
8%
Westlich vom grossen Flughafen in der Wüste Harmony
8%
Berg nördlich der Militärbasis Mount Josiah
8%
Wald am Fusse des höchsten Berges Paleto Forest
6%
Hafen Port of South Los Santos
5%
Humane Labs und die Kiesgrube San Chianski Mountain Range
5%
Stadtteil South Los Santos
5%
See östlich vom Casino Tataviam Mountains
5%
Gebiet zwischen Hollywood-Hills und Wüste Great Chaparral
4%
Mini-Stadteil westlich von oben genanntem Morningwood
4%
Kortz Center Pacific Bluffs
4%
Weinreben Tongva Hills
4%
Östlich vom unten genannten Ort Banham Canyon
3%
Haubstrasse von den Weinreben in die Stadt Tongva Valley
3%
Stadtteil westlich von oben genanntem Backlot City
2%
Atruisten-Kult Chiliad Mountain State Wilderness
2%
Südlichstes Naturgebiet Palomino Highlands
2%
Verbindet die Westliche Autobahn mit dem See Raton Canyon
2%
Keine übereinstimmenden Quizze gefunden
Verteilung der Resultate
Anzahl Personen mit jedem Resultat
Perzentil nach korrekt beantworteten Fragen
Ihre Resultats-Entwicklung
Sie haben dieses Quiz noch nicht gespielt